Analysis of Volatiles. Methods and Applications /

Na minha lista:
Detalhes bibliográficos
Autor principal: Schreier, Peter (Author)
Formato: Livro
Publicado em: Berlin : Walter de Gruyter, 1984
Tags: Adicionar Tag
Sem tags, seja o primeiro a adicionar uma tag!

MARC

LEADER 00000nam a22000003a 4500
001 stu16960
005 20150617225758.2
008 ------s1984----gw----------------------d
040 |a STU  |b slo 
041 0
044 |a gw 
080 |a 543-1 
100 1 |a Schreier, Peter  |4 aut 
245 1 |a Analysis of Volatiles. Methods and Applications /  |c [aut.]Schreier,Peter 
260 |a Berlin :  |b Walter de Gruyter,  |c 1984 
300 |a 469 s :  |b Obr.,tab.,grafy,lit.index 
996 |b C82351  |c C*82351  |l CCX  |s P  |a 0  |w stu16960_0001